000 00713nam a2200241Ia 4500
003 OSt
005 20221005122526.0
006 a|||||r|||| 00| 0
007 ta
008 221004b |||||||| |||| 00| 0 urd d
020 _a9788182234079 (hbk)
_c100
024 _a45481
037 _b2208, 13/03/2009, Educational Publishing House
_cTextual
040 _aCRL
_cCRL
_burd
041 _2urd
_aurd
082 _aO168,3NJAx, P8
100 _aJaved Khalid
_9632136
245 0 _aKahani Maut aur akhri bidesi zuban
260 _c2008
650 _aURDU
_939717
942 _hO168,3NJAx, P8
_cTEXL
_2cc
999 _c1044556
_d1044556